Técnicas de dinámica de grupo para la comunicación didáctica (Registro nro. 184)

Detalles MARC
000 -CABECERA
campo de control de longitud fija 00540ata a2200205 4500
005 - FECHA Y HORA DE ACTUALIZACIÓN
campo de control 20170127104954.0
008 - LONGITUD FIJA
campo de control de longitud fija 150721b xxu||||| |||| 00| 0 spa d
041 ## - IDIOMA
Código de idioma del texto/pista de sonido o título separado
082 ## - CLASIFICACIÓN DECIMAL DEWEY
Número de clasificación 378.4 B638m
100 ## - AUTOR PERSONAL
Nombre de persona Blanc Masias, Marcelo
245 ## - TÍTULO PROPIAMENTE DICHO
Título Técnicas de dinámica de grupo para la comunicación didáctica
260 ## - PIE DE IMPRENTA
Lugar de publicación, distribución, etc. Costa Rica
260 ## - PIE DE IMPRENTA
Nombre del editor, distribuidor, etc. EUNED
260 ## - PIE DE IMPRENTA
Fecha de publicación, distribución, etc. 1986
300 ## - DESCRIPCIÓN FÍSICA
Extensión 64 páginas
650 ## - Materia General
Materia general COSTA RICA
650 ## - Materia General
Materia general EDUCACIÓN A DISTANCIA
650 ## - Materia General
Materia general METODOLOGÍA
942 ## - Punto de Acceso Adicional Koha
Tipo de ítem Koha Libro
Existencias
Estado perdido Estado dañado No para préstamo Biblioteca permanente Biblioteca actual Signatura completa Código de barras Precio efectivo a partir del Tipo de ítem
      Departamento de Biblioteca y Documentación Alfonso Chase Brenes Departamento de Biblioteca y Documentación Alfonso Chase Brenes 378.4 B638m 3619 23/08/2016 Libro